| Поле | Инд. | ПП | Название | Значение |
|---|---|---|---|---|
| Тип записи | a | |||
| Библиографический уровень | m | |||
| 001 | Контрольный номер | RU/IS/BASE/222431548 | ||
| 005 | Дата корректировки | 20171113100502.2 | ||
| 020 | 00 | a | ISBN | 5-85270-320-6; 5-85270-330-3 (Т.2) |
| c | Цена, тираж | 990-00 | ||
| 084 | a | Индекс другой классификации/Индекс ББК | 92 | |
| 090 | 00 | a | Полочн. индекс | 92 |
| x | Авторский знак | Б 79 | ||
| 245 | 00 | a | Заглавие | Большая Российская энциклопедия. [В 30 т.] Т. 2. Анкилоз-Банка |
| c | Ответственность | пред. науч.-ред. совета Ю. С. Осипов | ||
| 260 | 00 | a | Место издания | Москва |
| b | Издательство | Большая Рос. энцикл. | ||
| c | Дата издания | 2005 | ||
| 300 | 00 | a | Объем | 766, [1]с. |
| b | Иллюстрации/ тип воспроизводства | ил., карты | ||
| 650 | _4 | a | Основная рубрика | Энциклопедии универсальные |
| 653 | 00 | a | Ключевые слова | Энциклопедии |
| 990 | 00 | f | Даты поступлений (DOS) | 03.06 |